LIBRARY & INFORMATION CENTRE, KCAET, TAVANUR

ONLINE PUBLIC ACCESS CATALOGUE (OPAC)

Process equipment design : vessel design / (Record no. 2293)

MARC details
000 -LEADER
fixed length control field 00508cam a2200193ua 4500
020 ## - INTERNATIONAL STANDARD BOOK NUMBER
ISBN 0 85226 08 73
041 ## - LANGUAGE CODE
Language code of text/sound track or separate title eng
082 ## - DEWEY DECIMAL CLASSIFICATION NUMBER
Classification number 670
Item number BRO/PR
100 ## - MAIN ENTRY--AUTHOR NAME
Personal name Brownell, Loyd E .
245 ## - TITLE STATEMENT
Title Process equipment design : vessel design /
250 ## - EDITION STATEMENT
Edition statement 1 /
260 ## - PUBLICATION, DISTRIBUTION, ETC. (IMPRINT)
Place of publication New Delhi :
Name of publisher Wiley Eastern Ltd ,
Year of publication 1991.
300 ## - PHYSICAL DESCRIPTION
Number of Pages 408 ; .
700 1# - ADDED ENTRY--PERSONAL NAME
Personal name Young, Edwin.H .
942 ## - ADDED ENTRY ELEMENTS (KOHA)
Koha item type Books
Holdings
Withdrawn status Lost status Damaged status Home library Current library Date acquired Full call number Accession Number Koha item type Shelving location Cost, normal purchase price
      KAUAET KAUAET 07/04/2012 670 18535 Books    
      KAUAET KAUAET 31/03/2014 670 BRO/PR 24489 Books General Stacks 429.00
free website counter